| 000 | 00612nam a2200145Ia 4500 | ||
|---|---|---|---|
| 008 | 100122s9999 xx 000 0 und d | ||
| 082 |
_b44557 _a920 |
||
| 100 | _aद्रवीड सुलभा | ||
| 245 | _aमुलांचे मित्र शंकरराव किर्लोस्कर | ||
| 260 |
_bनीहारा प्रकाशन _c1990 |
||
| 300 | _a50 | ||
| 630 | _aमुलांचे मित्र शंकरराव किर्लोस्कर | ||
| 730 | _aमुलांचे मित्र शंकरराव किर्लोस्कर | ||
| 942 | _cBOOK | ||
| 999 |
_c424294 _d424291 |
||